000 00786nam a2200193 a 4500
001 000036705
005 20200930075903.0
008 120125s1983 pn a 000 0 spa d
040 _aDO-SdBNP
_bspa
_cBNPHU
245 0 0 _aAlmanaque mundial 1984 /
_credacción: Abelardo Iglesias, René A. Leyva, Daniel Fernández ; colaboradores: Gerardo Canet... [et al.] ; dibujos, ilustraciones, mapas: Marcelo Cañadas... [et al.] ; fotos: UPI... [et al.].
260 _aPanamá :
_bAmérica,
_c1983.
300 _a672, Bxvi p. :
_bil., col. ;
_c20 cm.
650 2 4 _aSucesos mundiales
_962995
700 1 _aIglesias, Abelardo
_962996
700 1 _aLeyva, René A.
_962997
700 1 _aFernández, Daniel
_962998
700 1 _aCanet, Gerardo,
_ecol.
_962999
700 1 _aCañadas, Marcelo,
_eil.
_963000
999 _c36196
_d36196